STURDEVANTS ART AND SCIENCE OF OPERATIVE DENTISTRY (Record no. 12290)

MARC details
000 -LEADER
fixed length control field 00362nam a22001457a 4500
003 - CONTROL NUMBER IDENTIFIER
control field SGT
020 ## - INTERNATIONAL STANDARD BOOK NUMBER
International Standard Book Number 9788131234020
082 ## - DEWEY DECIMAL CLASSIFICATION NUMBER
Classification number 617.692
Item number S17H
100 ## - MAIN ENTRY--PERSONAL NAME
Personal name HEYMANN, H. O
245 ## - TITLE STATEMENT
Title STURDEVANTS ART AND SCIENCE OF OPERATIVE DENTISTRY
260 ## - PUBLICATION, DISTRIBUTION, ETC. (IMPRINT)
Place of publication, distribution, etc ELSEVIER
Name of publisher, distributor, etc AHUJA BOOKS PUBLISHER
300 ## - PAGE DESCRIPTION
No. of Pages 487
650 ## - SUBJECT ADDED ENTRY--TOPICAL TERM
Topical term or geographic name as entry element OPERATIVE DENTISTRY
942 ## - ADDED ENTRY ELEMENTS (KOHA)
Source of classification or shelving scheme Dewey Decimal Classification
Koha item type Books
942 ## - ADDED ENTRY ELEMENTS (KOHA)
-- 156
Holdings
Withdrawn status Lost status Source of classification or shelving scheme Damaged status Not for loan Home library Current library Shelving location Date acquired Vendor Name Cost, normal purchase price SGTU Bill Number Total Checkouts Total Renewals Full call number Accession No. (Barcode) Date last seen Date last borrowed Bill Date Koha item type
    Dewey Decimal Classification     SGT Dental Library SGT Dental Library Text Book 10/07/2017 ELEVIER 1475.00 SGTU 8252 80 2 617.692 S17H FD7551 25/02/2026 20/02/2026 14/06/2017 Books
    Dewey Decimal Classification     SGT Dental Library SGT Dental Library Text Book 10/07/2017 ELEVIER 1475.00 SGTU 8252 63   617.692 S17H FD7552 23/12/2025 20/12/2025 14/06/2017 Books
    Dewey Decimal Classification     SGT Dental Library SGT Dental Library Text Book 10/07/2017 ELEVIER 1475.00 SGTU 8252 70 1 617.692 S17H FD7553 04/06/2026 04/06/2026 14/06/2017 Books
    Dewey Decimal Classification     SGT Dental Library SGT Dental Library Text Book 10/07/2017 ELEVIER 1475.00 SGTU 8252 55   617.692 S17H FD7554 13/03/2023 13/03/2023 14/06/2017 Books
    Dewey Decimal Classification     SGT Dental Library SGT Dental Library Text Book 10/07/2017 ELEVIER 1475.00 SGTU 8252 13   617.692 S17H FD7555 04/11/2025 04/11/2025 14/06/2017 Books